| 000 | 00601nam a2200217 4500 | ||
|---|---|---|---|
| 003 | OSt | ||
| 005 | 20240626083858.0 | ||
| 006 | a | ||
| 008 | 240626b |||||||| |||| 00| 0 eng d | ||
| 020 | _a9788183568616 | ||
| 040 |
_aDWCL-Main lib. _cOC |
||
| 082 | _aCirc. 581.634 P821u 2011 | ||
| 100 | _aDr. Pooja | ||
| 245 | _aUnderstanding medicinal plants / | ||
| 260 |
_aNew Delhi: _bDiscovery Pub. House Pvt. Ltd., _cc2011. |
||
| 300 |
_b302 p. : ill. ; _c22 cm. |
||
| 504 | _aIncludes index. | ||
| 650 | _a1. Herbs-Therapeutic use. | ||
| 650 | _a2. Herbs. | ||
| 942 |
_2ddc _n0 _cBK-CIRC _kCirc. |
||
| 999 |
_c1431 _d1431 |
||